00389nam a2200109Ia 4500008004100000100002400041245007100065260002900136300001700165650001500182856008200197160712s9999 xx 000 0 und d aCampos, Patrick F.  cPatrick F. CamposaNoli on TV: Adaptation Criticism as Metacritism c2011bHumanities Diliman avol. 8 no. 1 xHUMANITIES uhttp://journals.upd.edu.ph/index.php/humanitiesdiliman/issue/view/255/showToc